000 00426nam a22001817a 4500
003 MPLRDC
005 20220104170624.0
008 210129b ||||| |||| 00| 0 eng d
020 _a0-19-580379-5
082 _a739.37 SMI 1983
100 _aJACQUES DUMARCAY
245 _aBOROBUDUR
_c
250 _a三版
260 _a
_bOXFORD
_c1983
300 _b
650 _a南洋群岛--印尼
942 _cBK
_o739.37 SMI 1983
999 _c58040
_d58030